| 000 | 00782cam a2200217 4500 | ||
|---|---|---|---|
| 001 | ABS61642 | ||
| 008 | 000000n1999 000 0 eng u | ||
| 035 | _a(Sirsi) u103251 | ||
| 245 | _aHow to use the CECA dayworks schedules | ||
| 260 | _c1999 | ||
| 490 |
_aCSM _bChartered Surveyor Monthly _v9(3) Nov/Dec 1999, 24-25(2) |
||
| 520 | _aThe third in a series of articles looking at the Civil Engineering Contractors Association (CECA) schedules. (Taken from journal headnote.) First in CSM Jan 1999, p46 and for second see ABS60894. | ||
| 590 | _aABS | ||
| 650 | _aCECA | ||
| 650 | _aCIVIL ENGINEERING CONTRACTORS ASSOCIATION | ||
| 650 | _aPLANT | ||
| 650 | _aDAYWORKS | ||
| 650 | _aSUPPLEMENTARY CHARGES | ||
| 690 | _aBUILDING AND CONSTRUCTION-ENGINEERING | ||
| 942 | _n0 | ||
| 999 |
_c62051 _d62051 |
||